Politics of the Middle East : (Record no. 1990)
[ view plain ]
| 000 -LEADER | |
|---|---|
| fixed length control field | 01011nac a22002411u 4500 |
| 008 - FIXED-LENGTH DATA ELEMENTS--GENERAL INFORMATION | |
| fixed length control field | 100921t xxu||||| |||| 00| 0 eng d |
| 010 ## - | |
| -- | 2003025337 |
| 020 ## - INTERNATIONAL STANDARD BOOK NUMBER | |
| International Standard Book Number | 0131845497 |
| 082 00 - DEWEY DECIMAL CLASSIFICATION NUMBER | |
| Classification number | 956 |
| Item number | ROS |
| 100 ## - MAIN ENTRY--PERSONAL NAME | |
| Personal name | Roskin, Michael, |
| 9 (RLIN) | 19671 |
| 245 10 - TITLE STATEMENT | |
| Title | Politics of the Middle East : |
| Remainder of title | Cultures and Conflicts / |
| Statement of responsibility, etc | Michael G. Roskin, James J. Coyle. |
| 260 ## - | |
| -- | Upper Saddle River, N.J. : |
| -- | Pearson/Prentice Hall,2004 |
| -- | 2004. |
| 300 ## - PHYSICAL DESCRIPTION | |
| Extent | xxiv, 336 p. : |
| Other physical details | ill., maps ; |
| Dimensions | 24 cm. |
| 336 ## - CONTENT TYPE | |
| Source | rdacontent |
| Content type term | text |
| Content type code | txt |
| 337 ## - MEDIA TYPE | |
| Media type term | unmediated |
| Source | rdamedia |
| Media type code | n |
| 338 ## - CARRIER TYPE | |
| Carrier type term | volume |
| Carrier type code | nc |
| Source | rdacarrier |
| 504 ## - BIBLIOGRAPHY, ETC. NOTE | |
| Bibliography, etc | Includes bibliographical references and index. |
| 505 0# - FORMATTED CONTENTS NOTE | |
| Formatted contents note | Cultures -- Conflicts -- The north -- The rise of the oil kingdoms -- Conflicts : the Gulf wars -- Islamic wars? |
| 651 #0 - SUBJECT ADDED ENTRY--GEOGRAPHIC NAME | |
| Geographic name | Middle East. |
| 9 (RLIN) | 19672 |
| 700 1# - ADDED ENTRY--PERSONAL NAME | |
| Personal name | Coyle, James J., |
| Dates associated with a name | 1921- |
| 9 (RLIN) | 19673 |
| 856 41 - ELECTRONIC LOCATION AND ACCESS | |
| Materials specified | Table of contents |
| Uniform Resource Identifier | <a href="http://www.loc.gov/catdir/toc/ecip0411/2003025337.html">http://www.loc.gov/catdir/toc/ecip0411/2003025337.html</a> |
| 942 ## - ADDED ENTRY ELEMENTS (KOHA) | |
| Koha item type | Book - Borrowing |
| Call number prefix | 956ROS |
| Source of classification or shelving scheme | Dewey Decimal Classification |
| Classification part | RDA-MOD |
| Withdrawn status | Lost status | Damaged status | Not for loan | Home library | Current library | Shelving location | Date acquired | Source of acquisition | Total Checkouts | Total Renewals | Full call number | Barcode | Checked out | Date last seen | Date checked out | Cost, replacement price | Price effective from | Koha item type |
|---|---|---|---|---|---|---|---|---|---|---|---|---|---|---|---|---|---|---|
| Central Library | Central Library | Second Floor | 07/02/2006 | Purchase | 14 | 40 | 956 ROS | 000002395 | 28/03/2023 | 22/02/2023 | 22/02/2023 | 217.50 | 06/02/2007 | Book - Borrowing |